| 000 | 01217cam a2200301 4500 | ||
|---|---|---|---|
| 008 | 020415n2002 000 0 eng u | ||
| 020 | _a1853838918 | ||
| 035 | _a(Sirsi) u117477 | ||
| 041 | _aeng. | ||
| 050 | _a333.32 | ||
| 100 |
_aDurand-Lasserve, A. _xEditor |
||
| 245 | _aHolding their ground : secure land tenure for the urban poor in developing countries | ||
| 260 |
_aLondon _bEarthscan Publications _c2002 |
||
| 300 |
_axvi,264p. _c24cm. |
||
| 350 | _a17.95 | ||
| 520 | _aSecurity of land tenure for the urban poor is becoming one of the major problems for developing cities in Africa, Asia and Latin America. This text presents and analyses the main conclusions of a comparative assessment programme on land tenure issues at a global level. Looks at how solutions can be found and implemented to respond to the demands and needs of the majority of urban households living in informal settlements. | ||
| 650 | _aLAND TENURE | ||
| 650 | _aLAND ECONOMICS | ||
| 650 | _aDEVELOPING COUNTRIES | ||
| 650 | _aURBAN LAND | ||
| 650 | _aPROPERTY RIGHTS | ||
| 650 | _aINDIA | ||
| 650 | _aBRAZIL | ||
| 650 | _aSOUTH AFRICA | ||
| 690 | _aPROPERTY | ||
| 700 |
_aRoyston, L. _xEditor |
||
| 942 | _n0 | ||
| 999 |
_c101994 _d101994 |
||